User-centric architecture for virtual voice-only VoIP conferencing [e resource : article] (Record no. 204226)

MARC details
000 -LEADER
fixed length control field 00606nam a2200145Ia 4500
008 - FIXED-LENGTH DATA ELEMENTS--GENERAL INFORMATION
fixed length control field 231221s9999 xx 000 0 und d
041 ## - LANGUAGE CODE
Language code of text/sound track or separate title English
082 ## - DEWEY DECIMAL CLASSIFICATION NUMBER
Classification number PESIT/TC
100 ## - MAIN ENTRY--PERSONAL NAME
Personal name Prasad, R V Shankar, H N Varchas, R S Jamadagni, H S Pawelczak, Przemyslaw
245 #0 - TITLE STATEMENT
Title User-centric architecture for virtual voice-only VoIP conferencing [e resource : article]
260 ## - PUBLICATION, DISTRIBUTION, ETC.
Date of publication, distribution, etc. 2006
510 ## - CITATION/REFERENCES NOTE
Name of source Article presented @ the Workshop towards the QoS internet, organized by Wojciech Burakowski
650 ## - SUBJECT ADDED ENTRY--TOPICAL TERM
Topical term or geographic name entry element User-centric,architecture,virtual,voice-only,VoIP,conferencing,[electronic,:,article]
942 ## - ADDED ENTRY ELEMENTS (KOHA)
Koha item type Digital Library
Holdings
Date last seen Total checkouts Full call number Accession number Uniform resource identifier Price effective from Category Lost status Damaged status Department Withdrawn status Home library Current library Shelving location Entry date Grants Billdate Currency symbol Conversion rate Discount Old discount
26/01/2024   PESIT/TC DL347 digital/articles/tc/dl347.pdf 26/01/2024 Digital Library     Central Library   Central Library Central Library Central Library   TC 29/12/2009 RS 1    

© For any Suggestions or Query, please contact the library staff @ librarian@pes.edu or Phone: +9180 2672 1983/ 2108.